Teórie rozhodovania s emocionálnym komponentom bakalárska práca

Uložené v:
Podrobná bibliografia
Hlavný autor: Hrtánková, Daniela
Korporativný autor: Fakulta podnikového manažmentu EU. Katedra manažmentu
Ďalší autori: Remeňová, Katarína, 1982-
Médium: Kniha
Jazyk:Slovak
Vydavateľské údaje: Bratislava 2024
Tagy: Pridať tag
Žiadne tagy, Buďte prvý, kto otaguje tento záznam!

MARC

LEADER 00000nbm a2200000 4500
001 0301888
005 20250210093655.5
041 0 |a slo 
044 |a SK 
245 1 0 |a Teórie rozhodovania s emocionálnym komponentom  |b bakalárska práca  |c Daniela Hrtánková ; školiteľ: Katarína Remeňová 
264 1 |a Bratislava  |c 2024 
300 |a 43 s. 
100 1 |a Hrtánková, Daniela 
700 1 |a Remeňová, Katarína, 1982- 
710 2 |a Fakulta podnikového manažmentu EU. Katedra manažmentu